Statistical methods for health care research / (Record no. 1844)

000 -LEADER
fixed length control field 01284cam a22003494a 4500
003 - CONTROL NUMBER IDENTIFIER
control field OSt
005 - DATE AND TIME OF LATEST TRANSACTION
control field 20210630111433.0
008 - FIXED-LENGTH DATA ELEMENTS--GENERAL INFORMATION
fixed length control field 000322s2000 paua b 001|0 eng c
020 ## - INTERNATIONAL STANDARD BOOK NUMBER
International Standard Book Number 078172175X (alk. paper)
040 ## - CATALOGING SOURCE
Transcribing agency DLC
042 ## - AUTHENTICATION CODE
Authentication code pcc
050 00 - LIBRARY OF CONGRESS CALL NUMBER
Classification number RT81.5
Item number .M86 2000
060 10 - NATIONAL LIBRARY OF MEDICINE CALL NUMBER
Classification number WA 950
Item number M968s 2000
100 1# - MAIN ENTRY--PERSONAL NAME
Personal name Munro, Barbara Hazard.
245 10 - TITLE STATEMENT
Title Statistical methods for health care research /
Statement of responsibility, etc. Barbara Hazard Munro.
250 ## - EDITION STATEMENT
Edition statement 4th ed.
260 ## - PUBLICATION, DISTRIBUTION, ETC.
Place of publication, distribution, etc. Philadelphia :
Name of publisher, distributor, etc. Lippincott Williams & Wilkins,
Date of publication, distribution, etc. c2000.
300 ## - PHYSICAL DESCRIPTION
Extent xiii, 459 p. :
Other physical details ill. ;
Dimensions 23 cm. +
Accompanying material 1 computer disk (3 1/2 in.)
504 ## - BIBLIOGRAPHY, ETC. NOTE
Bibliography, etc. note Includes bibliographical references and index.
650 #0 - SUBJECT ADDED ENTRY--TOPICAL TERM
Topical term or geographic name entry element Nursing
General subdivision Research
-- Statistical methods.
650 #0 - SUBJECT ADDED ENTRY--TOPICAL TERM
Topical term or geographic name entry element Medical care
General subdivision Research
-- Statistical methods.
650 12 - SUBJECT ADDED ENTRY--TOPICAL TERM
Topical term or geographic name entry element Health Services Research
General subdivision methods.
650 12 - SUBJECT ADDED ENTRY--TOPICAL TERM
Topical term or geographic name entry element Statistics.
906 ## - LOCAL DATA ELEMENT F, LDF (RLIN)
a 7
b cbc
c orignew
d 1
e ocip
f 20
g y-gencatlg
942 ## - ADDED ENTRY ELEMENTS (KOHA)
Source of classification or shelving scheme
Koha item type Book
Suppress in OPAC DO
Holdings
Withdrawn status Lost status Source of classification or shelving scheme Damaged status Not for loan Permanent Location Current Location Shelving location Date acquired Total Checkouts Full call number Barcode Date last seen Price effective from Koha item type Public note
          AU LIBRARY AU LIBRARY Open Shelf 01.07.2021   RT81.5 .M86 2000 28000530 01.07.2021 01.07.2021 Book DO

Powered by Koha